000 00972nam a2200313Ia 4500
001 Para_1852
003 CHAP
008 220125s1995 xx 000 0 und d
010 _a200499
040 _cCHAP
082 _aPA 631.0913 S3
100 _aSalcedo Gómez, José Guadalupe, com.
_9165373
245 _aTópicos de agronomía tropical /
_c comp. por José Guadalupe Salcedo Gómez y Luis Rey Carrasco Linares
260 _aMéxico :
_b UACh. Centro Regional Universitario del Sureste
300 _a189 p.
650 _aAgricultura
_x Tabasco
_91830
650 _aAgricultura
_x trópicos
_91888
650 _aCoco
_x Tabasco
_924269
650 _aMamey
_x tabaco
_9165374
650 _aZapote
_9123666
700 _aCarrasco Linares, Luis Rey
_919350
901 _aPA 631.0913 S3
902 _aA
905 _a0000001995 ai 0000000000 00
910 _a1995
942 _cPARA
942 _cPARA
_d1
999 _c200499
_d200499